Attractions of the Smithsonian Institution - Statistics

General Stats
  • This quiz has been taken 181 times
  • The average score is 8 of 20
Answer Stats
Answer % Correct
Air and Space Museum
92%
Natural History Museum
88%
American History Museum
78%
African American History and Culture Museum
60%
American Indian Museum
56%
American Indian Museum New York
56%
Smithsonian Institution Building
47%
Hirshhorn Museum and Sculpture Garden
45%
Portrait Gallery
40%
National Zoo
36%
American Art Museum
35%
African Art Museum
33%
Freer Gallery of Art
21%
Air and Space Museum Udvar-Hazy Center
20%
Sackler Gallery
19%
Postal Museum
18%
Renwick Gallery
13%
Cooper-Hewitt, National Design Museum
12%
Anacostia Community Museum
9%
Arts and Industries Building
9%
No matching quizzes found
Score Distribution
Percent of People with Each Score
Percentile by Number Answered
Your Score History
You have not taken this quiz